00459nam a22001457a 450000500170000000800410001702000330005804100130009108200140010410000240011824500710014226000440021330000310025765000250028820231027063019.0231027b |||||||| |||| 00| 0 eng d a9780409052084 ; 978040905209 aEnglish  a346.7 SAN aSaner, J lEnglish  aAgreements in Restraint of Trade in South African Law / cJ Saner  aDurban : bLexisNexis (Pty) Ltd, c1999 bviii, 131 pages ; c26 cm. aLegal practice bLaw